02100cam a22003378a 45000010009000000050017000090080041000260200018000670400013000850820021000982450117001192600076002363000042003125000025003545000027003795000024004065040041004305050568004716500032010396500038010716500031011096530036011406550024011767000031012007000035012319420026012669990017012929520154013099520157014639520142016201721092820141022135310.0120314s2012 xxka frbd 001 0 eng d a9780273743712 aEG-ScBUE00a616.025222bACU00aAcute nursing care : brecognising and responding to medical emergencies /c[edited by] Ian Peate, Helen Dutton. aHarlow, United Kingdom :bPearson,c2012e([Rome] :fRotolito Lombarda) axxiv, 346 p. :bill. (col.) ;c28 cm. aIncludes appendixes. aGlossary : p. 328-338. aIndex : p. 339-346. aIncludes bibliographical references.0 aAssessment and recognition of emergencies in acute care-Vulnerability in the acutely ill patient-The cell and tissues-Body fluids and electrolytes-The patient with acute respiratory problems-The patient with acute cardiovascular problems-Recognition and management of cardiopulmonary arrest-The patient with acute renal problems-The patient with acute neurological problems-The patient with acute gastro intestinal problems-The patient with acute endocrine problems-The immune and lymphatic systems, infection and sepsis-The safe transfer of acutely ill patients.12aEmergenciesxnursing93250122aEmergency Nursingxmethods92046122aNursing Assessment.932502 cFebruary2013cOctober2014bNNUR vreading book9342321 aPeate, Ian923577eeditor.1 aDutton, Helen.932504eeditor. 2ddccNRBk616.025 ACU c17262d17234 00102ddc40708BaccahaMAINbMAINc1STd2013-02-07epurchaseg417.00h000028033l8m13o616.025 ACUp000028033r2025-12-03 00:00:00s2025-12-03yBB 00102ddc40708BaccahaMAINbMAINc1STd2014-10-22epurchaseg255.00h20526l1m5o616.025 ACUp000036765r2025-07-15 00:00:00s2015-02-04v318.75yBB 00102ddc40708BaccahaMAINbMAINc1STd2014-10-22epurchaseg255.00h20526l0o616.025 ACUp000036766r2025-07-15 00:00:00v318.75yBB